The man every one ought to know. (Record no. 12253)

000 -LEADER
fixed length control field 00621nam a2200193 a 4500
001 - CONTROL NUMBER
control field :::00010055$&:&@@
003 - CONTROL NUMBER IDENTIFIER
control field OkBaRHE
005 - DATE AND TIME OF LATEST TRANSACTION
control field 20000607103355.0
008 - FIXED-LENGTH DATA ELEMENTS--GENERAL INFORMATION
fixed length control field s1942 j 000 0 eng u
040 ## - CATALOGING SOURCE
Transcribing agency
100 1# - MAIN ENTRY--PERSONAL NAME
Personal name Webber, Edward Frederick.
245 14 - TITLE STATEMENT
Title The man every one ought to know.
260 ## - PUBLICATION, DISTRIBUTION, ETC. (IMPRINT)
Place of publication, distribution, etc Oklahoma City, OK., :
Name of publisher, distributor, etc Southwest Radio Church of the Air
Date of publication, distribution, etc 1942
300 ## - PHYSICAL DESCRIPTION
Extent 240 p. ;
Dimensions 22 cm.
650 ## - SUBJECT ADDED ENTRY--TOPICAL TERM
Topical term or geographic name as entry element Jesus Christ Divinity
650 ## - SUBJECT ADDED ENTRY--TOPICAL TERM
Topical term or geographic name as entry element Jesus Christ Life and Teachings
942 ## - ADDED ENTRY ELEMENTS (KOHA)
Source of classification or shelving scheme
Koha item type Books
Copies
Date acquired Permanent Location Full call number Not for loan Price effective from Lost status Barcode Date last seen Source of classification or shelving scheme Koha item type Shelving location Withdrawn status Copy number Damaged status
2010-04-14RHEMA Bible Training CollegeBV 4301 .W4 2010-04-14 100552010-04-14 BooksGeneral Stacks 1